Welcome to the Holygrace Academy Library

Please use search bar below to get started

RAASAMOOLAKANGAL (Record no. 4099)

MARC details
000 -LEADER
fixed length control field 00239nam a22001097a 4500
082 ## - DEWEY DECIMAL CLASSIFICATION NUMBER
Classification number 540
Item number ASC/R
100 ## - MAIN ENTRY--AUTHOR NAME
Personal name ASCEND PUBLICATION
245 ## - TITLE STATEMENT
Title RAASAMOOLAKANGAL
260 ## - PUBLICATION, DISTRIBUTION, ETC. (IMPRINT)
Place of publication KOTTAYAM
Name of publisher ASCEND PUBLICATIONS
Year of publication 2007
300 ## - PHYSICAL DESCRIPTION
Number of Pages 312
942 ## - ADDED ENTRY ELEMENTS (KOHA)
Koha item type Books
Holdings
Withdrawn status Lost status Collection code Home library Current library Shelving location Date acquired Source of acquisition Cost, normal purchase price Full call number Accession Number Koha item type
    Reference Main Library Main Library SHELF-16G-MALAYALAM COLLECTION OF WORKS 05/06/2017 Purchase 230.00 540 ASC/R 04575 Books